000 01088nam a2200289 4500
001 0000019770
003 CO-CtgCURN
005 20250331185147.0
007 ta
008 160627s2001 000 0 eng d
020 _a9701032217
040 _aCO-CtgCURN
_bspa
_ccoctgcurn
082 0 _a611.8
_bW65s
100 1 _aWong-Riley, Margareth T. T.
245 1 0 _aSecretos de las neurociencias /
_cMargareth T. T. Wong-Riley.
260 _aMexico :
_bInteramericana McGraw,
_c2001.
300 _a447 p.
336 _2rdacontent
337 _2rdamedia
_asin mediacion
_bn
338 _2rdacarrier
_avolumen
_bnc
500 _aIncluye indice.
505 8 _aTrasmision sinaptica.--Sistema somatosensorial.--Desarrollo del sistema nervioso de los vertebrados.--Sistema auditivo.--Cerebelo.--Talamo.--Corteza cerebral.--Hipotalamo neuroendocrinologĂ­a.--Talamo.--Desarrollo del sistema nervioso de los vertebrados
650 1 4 _aCerebro
_vFisiologĂ­a.
908 _a160627
942 _cBK
_h611.8
_iW65s
_2ddc
999 _c21633
_d21633